[Event "Burgos Intercajas"]
[Site "Burgos"]
[Date "2011.10.28"]
[Round "6.4"]
[White "Tabernero Portero, Angel"]
[Black "Navarro Carrillo, Francisco"]
[Result "0-1"]
[WhiteElo "1928"]
[BlackElo "1950"]
[PlyCount "134"]
[EventDate "2011.10.23"]
[EventType "swiss"]
[EventRounds "6"]
[EventCountry "ESP"]
[SourceTitle "EXT 2024"]
[Source "ChessBase"]
[SourceDate "2023.10.10"]
[SourceVersion "1"]
[SourceVersionDate "2023.10.10"]
[SourceQuality "1"]
[WhiteTeam "Castilla La Mancha"]
[BlackTeam "Caja Granada"]
[WhiteTeamCountry "ESP"]
[BlackTeamCountry "ESP"]

1. d4 d5 2. Nf3 Nf6 3. g3 g6 4. Bg2 Bg7 5. 0-0 0-0 6. c4 dxc4 7. Qa4 c6 8. Qxc4 Qd5 9. Qxd5 Nxd5 10. a3 Re8 11. e4 Nb6 12. Nc3 Bg4 13. Bf4 Bxf3 14. Bxf3 Bxd4 15. Rac1 e5 16. Bg5 Kg7 17. b3 f6 18. Bd2 N8d7 19. a4 Nc5 20. Rb1 Red8 21. Rfd1 Rd7 22. Ne2 Rad8 23. Nxd4 Rxd4 24. Be3 Rxd1+ 25. Rxd1 Rxd1+ 26. Bxd1 Ne6 27. Bxb6 axb6 28. Kf1 Nd4 29. Ke1 b5 30. axb5 Nxb5 31. Kd2 Kf7 32. Kd3 Ke7 33. Kc4 Kd6 34. h4 Nd4 35. f4 b5+ 36. Kb4 exf4 37. gxf4 c5+ 38. Kc3 Ne6 39. f5 gxf5 40. exf5 Nd4 41. Bg4 Ke5 42. b4 cxb4+ 43. Kxb4 Nxf5 44. h5 Ne3 45. Be2 h6 46. Bxb5 f5 47. Kc3 f4 48. Kd2 Nf5 49. Ke1 Ng3 50. Be8 Kf5 51. Kf2 Kg4 52. Kg2 Nxh5 53. Bc6 Kg5 54. Bb7 Ng3 55. Bc6 h5 56. Bb7 Kg4 57. Bf3+ Kg5 58. Kh3 Nf5 59. Bb7 Nd4 60. Kg2 Kg4 61. Ba8 h4 62. Bb7 h3+ 63. Kh2 Nf3+ 64. Kh1 Kg3 65. Bc6 Ne1 66. Bb7 Nd3 67. Bc6 Nf2+ 0-1

[Event "Burgos Intercajas"]
[Site "Burgos"]
[Date "2011.10.27"]
[Round "5.4"]
[White "Acebal Muniz, Antonio"]
[Black "Tabernero Portero, Angel"]
[Result "1-0"]
[WhiteElo "2134"]
[BlackElo "1928"]
[PlyCount "83"]
[EventDate "2011.10.23"]
[EventType "swiss"]
[EventRounds "6"]
[EventCountry "ESP"]
[SourceTitle "EXT 2024"]
[Source "ChessBase"]
[SourceDate "2023.10.10"]
[SourceVersion "1"]
[SourceVersionDate "2023.10.10"]
[SourceQuality "1"]
[WhiteTeam "Cajastur"]
[BlackTeam "Castilla La Mancha"]
[WhiteTeamCountry "ESP"]
[BlackTeamCountry "ESP"]

1. Nf3 g6 2. c4 Nf6 3. Nc3 Bg7 4. e4 0-0 5. d4 d6 6. Be2 e5 7. dxe5 dxe5 8. Qxd8 Rxd8 9. Bg5 Re8 10. 0-0-0 Nc6 11. h3 a6 12. Rhe1 b6 13. Nd5 Nxd5 14. cxd5 Nd4 15. Nxd4 exd4 16. Bd3 Bd7 17. Kb1 c6 18. dxc6 Bxc6 19. Rc1 Rec8 20. Re2 b5 21. Rec2 Bb7 22. Rc7 Rxc7 23. Rxc7 Bc8 24. Bf4 Be6 25. Kc2 Rc8 26. a4 Rxc7+ 27. Bxc7 bxa4 28. Bxa6 Bb3+ 29. Kd3 Bh6 30. Kxd4 Bg7+ 31. e5 f6 32. f4 fxe5+ 33. fxe5 Bf8 34. Bd6 Bg7 35. Bc4+ Bxc4 36. Kxc4 Kf7 37. Kb4 Ke6 38. Kxa4 Bxe5 39. Bxe5 Kxe5 40. Kb5 Kd5 41. b4 h6 42. Ka6 1-0